[Event "Elite Hotels Open 2015"]
[Site "Elite Stadshotellet, Vaxjo"]
[Date "2015.02.14"]
[Round "5.63"]
[White "Lindstrom, Andreas"]
[Black "Nilsson, Robin 1994"]
[Result "1-0"]
[WhiteElo "1932"]
[BlackElo "1812"]
[EventDate "2015.02.13"]

1.d4 Nf6 2.Nf3 d6 3.c4 g6 4.Nc3 Bg7 5.e4 O-O 6.Be2 e5 7.dxe5 dxe5 8.Qxd8 
Rxd8 9.Bg5 Re8 10.O-O-O c6 11.Rd6 Be6 12.Nxe5 Nxe4 13.Nxe4 Bxe5 14.Nf6+ 
Bxf6 15.Bxf6 Nd7 16.Bg5 h5 17.Rhd1 Nc5 18.Be3 Ne4 19.R6d4 Nf6 20.h3 Kg7 
21.Bf3 Rac8 22.b3 a6 23.Rd6 Rc7 24.Bd4 Ree7 25.g4 hxg4 26.Bxg4 g5 27.f4 
gxf4 28.Rg1 Kf8 29.Bxf6 Red7 30.Rxe6 1-0

[Event "Elite Hotels Open 2015"]
[Site "Elite Stadshotellet, Vaxjo"]
[Date "2015.02.14"]
[Round "5.65"]
[White "Olsson, Tomas"]
[Black "Gajic, Bozur"]
[Result "1-0"]
[WhiteElo "1900"]
[BlackElo "1690"]
[EventDate "2015.02.13"]

1.e4 c5 2.d4 cxd4 3.Nf3 Qc7 4.Nxd4 a6 5.Nc3 e6 6.Be2 Nf6 7.O-O Bb4 8.Qd3 
Nc6 9.Bg5 Be7 10.Kh1 O-O 11.f4 Nxd4 12.Qxd4 Bc5 13.Qd3 Ne8 14.Rad1 f6 15.
Bh4 b5 16.Bg3 Qb6 17.f5 Ra7 18.Bg4 e5 19.Nd5 Qd8 20.b4 Be7 21.Bf2 Rb7 22.
Qb3 Kh8 23.Rd3 Nd6 24.Nxe7 Nxe4 25.Ng6+ 1-0

[Event "Elite Hotels Open 2015"]
[Site "Elite Stadshotellet, Vaxjo"]
[Date "2015.02.14"]
[Round "5.66"]
[White "Lundstrom, Johanna"]
[Black "Kristoffersson, Jimmy"]
[Result "1/2-1/2"]
[WhiteElo "1708"]
[BlackElo "2035"]
[EventDate "2015.02.13"]

1.e4 g6 2.d4 Bg7 3.f4 d5 4.e5 Nh6 5.Nf3 O-O 6.Bd3 f6 7.O-O Bf5 8.Be3 fxe5 
9.Nxe5 Nd7 10.h3 Bxd3 11.Qxd3 Nxe5 12.dxe5 Nf5 13.Nd2 Nxe3 14.Qxe3 c6 15.
Nf3 Qb6 16.Qxb6 axb6 17.Ng5 Ra4 18.Ne6 Rfa8 19.Nxg7 Kxg7 20.a3 e6 21.Rf3 
Re4 22.Raf1 Re2 23.R1f2 Rxf2 24.Kxf2 Ra4 25.g3 Re4 26.Re3 Rd4 27.Rd3 Re4 
28.Rb3 b5 29.Re3 Rc4 30.Re2 h6 31.c3 Ra4 32.Kf3 c5 33.g4 Ra8 34.f5 gxf5 
35.gxf5 exf5 36.Kf4 Kf7 37.Kxf5 Rg8 38.h4 Rg1 39.e6+ Ke7 40.Ke5 d4 41.cxd4
cxd4 42.Kxd4 Rg4+ 43.Re4 Rxe4+ 44.Kxe4 Kxe6 45.h5 Kf6 46.Kf4 1/2-1/2

[Event "Elite Hotels Open 2015"]
[Site "Elite Stadshotellet, Vaxjo"]
[Date "2015.02.14"]
[Round "5.68"]
[White "Kasselstrand, Erik"]
[Black "Garner, Marten"]
[Result "0-1"]
[WhiteElo "1685"]
[BlackElo "1893"]
[EventDate "2015.02.13"]

1.e4 e6 2.d4 d5 3.Nc3 Nf6 4.Bg5 Be7 5.e5 Nfd7 6.h4 O-O 7.Qg4 f5 8.Qg3 Kh8 
9.Nh3 c5 10.Bxe7 Qxe7 11.Nb5 cxd4 12.O-O-O Nc6 13.Nxd4 Ndxe5 14.Nf4 Bd7 
15.h5 Ng4 16.Nxc6 bxc6 17.h6 Nxh6 18.Be2 e5 19.Qe3 Qd6 20.Nd3 Rfe8 21.Bh5 
f4 22.Qd2 Re7 23.Rh2 Bf5 24.Rdh1 Rb8 25.a3 Reb7 26.b4 a5 27.Nc5 Qxc5 0-1

[Event "Elite Hotels Open 2015"]
[Site "Elite Stadshotellet, Vaxjo"]
[Date "2015.02.14"]
[Round "5.70"]
[White "Tillman, Jan-Olof"]
[Black "Karlsson, Henrik 1974"]
[Result "1-0"]
[WhiteElo "1856"]
[BlackElo "1727"]
[EventDate "2015.02.13"]

1.d4 Nf6 2.c4 c5 3.Nf3 cxd4 4.Nxd4 e5 5.Nb5 d5 6.Bg5 Qa5+ 7.Bd2 Qb6 8.e3 
Bd7 9.N1c3 d4 10.c5 Qd8 11.exd4 exd4 12.Nxd4 Bxc5 13.Nb3 Qe7+ 14.Qe2 Qxe2+
15.Bxe2 Bb6 16.O-O O-O 17.Bg5 Ng4 18.Nd5 Nc6 19.Nxb6 axb6 20.Rfd1 Be6 21.
Nd4 Nxd4 22.Rxd4 Ne5 23.a3 Nc6 24.Rd2 Ra5 25.Be3 Re8 26.Bxb6 Re5 27.Bc7 
Re4 28.Bf3 Rc4 29.Be2 Re4 30.f3 Rd4 31.Rxd4 Nxd4 32.Bd3 Rc8 33.Bb6 Nb3 34.
Re1 Rc6 35.Be3 Kf8 36.Be4 Rc7 37.Rd1 f5 38.Bf4 Rf7 39.Rd8+ Ke7 40.Bg5+ Rf6
41.Rb8 fxe4 42.Rxb7+ Kd6 43.Bxf6 gxf6 44.fxe4 Ke5 45.Rxh7 Kxe4 46.Re7 Kd5 
47.h4 Bg4 48.Rb7 Nc5 49.Rg7 Bf5 50.h5 Ne6 51.Ra7 Ng5 52.h6 Kc4 53.Ra4+ Kb3
54.Rf4 Bc2 55.Rb4+ Ka2 56.a4 1-0

[Event "Elite Hotels Open 2015"]
[Site "Elite Stadshotellet, Vaxjo"]
[Date "2015.02.14"]
[Round "5.72"]
[White "Ottosson, Bjorn"]
[Black "Wiklund, Johan"]
[Result "1/2-1/2"]
[WhiteElo "1674"]
[BlackElo "1823"]
[EventDate "2015.02.13"]

1.c4 b6 2.Nc3 f5 3.Nf3 Nf6 4.d4 e6 5.g3 Bb4 6.Bg2 Ba6 7.Qa4 Qe7 8.Ne5 Ne4 
9.O-O Bxc3 10.bxc3 Nxc3 11.Qc2 Ne4 12.Bxe4 fxe4 13.Qxe4 c6 14.a4 Bb7 15.h4
d6 16.Bg5 Qc7 17.Nd3 Qf7 18.Nf4 Bc8 19.d5 cxd5 20.cxd5 e5 21.Ne6 Na6 22.
Be3 Rb8 23.Qc4 Nc5 24.Bxc5 bxc5 25.Rab1 Rb6 26.a5 Rb7 27.Qa4+ Ke7 28.Qc6 
Rb4 29.Qc7+ Kf6 30.Qxd6 Bxe6 31.dxe6 Qxe6 32.Qxc5 Rxh4 33.Rfd1 Rc8 34.Qa3 
Rd4 35.Rxd4 exd4 36.Qd3 Qe5 37.Rb5 Rc5 38.Qf3+ Kg6 39.Qg4+ Kh6 40.Qh4+ Kg6
41.Qg4+ Kh6 42.Qh4+ 1/2-1/2

[Event "Elite Hotels Open 2015"]
[Site "Elite Stadshotellet, Vaxjo"]
[Date "2015.02.14"]
[Round "5.74"]
[White "Karlsson, Bengt-Ake"]
[Black "Anderson, Bertram"]
[Result "1-0"]
[WhiteElo "1566"]
[BlackElo "1789"]
[EventDate "2015.02.13"]

1.e4 e5 2.Nf3 Nc6 3.Bb5 f5 4.Nc3 Bb4 5.Qe2 Bxc3 6.bxc3 Nf6 7.exf5 O-O 8.a4
e4 9.Nd4 Nxd4 10.Qc4+ d5 11.Qxd4 Bxf5 12.Bb2 c6 13.Be2 Qc7 14.Ba3 Rf7 15.
h3 b6 16.Qe3 c5 17.g4 Bg6 18.h4 Re7 19.h5 Be8 20.g5 Nd7 21.f4 exf3 22.Qxe7
Qg3+ 23.Kd1 Qg2 24.Re1 fxe2+ 25.Kc1 Qg4 26.h6 gxh6 27.gxh6 Qg6 28.Qe3 Kh8 
29.Rg1 Qf6 30.Kb2 Bh5 31.Qh3 Be8 32.Qg4 Qf7 33.Qxe2 Qf5 34.Qg2 Bg6 35.Qg5 
Qxg5 36.Rxg5 Nf6 37.Rf1 Ng8 38.Rh1 Re8 39.Rh2 Nf6 40.d4 Ne4 41.Rxd5 Rc8 
42.dxc5 bxc5 43.c4 Rb8+ 44.Kc1 Nc3 45.Bb2 Rxb2 46.Rd8+ 1-0

[Event "Elite Hotels Open 2015"]
[Site "Elite Stadshotellet, Vaxjo"]
[Date "2015.02.14"]
[Round "5.75"]
[White "Jonsson, Jacob"]
[Black "Johansson, Sven"]
[Result "0-1"]
[WhiteElo "1431"]
[BlackElo "1770"]
[EventDate "2015.02.13"]

1.d4 f5 2.c4 Nf6 3.Nc3 g6 4.Bf4 Bg7 5.e3 d6 6.Nf3 O-O 7.c5 Kh8 8.cxd6 cxd6
9.Rc1 a6 10.Qb3 Qe8 11.Bc4 Nc6 12.Ng5 Na5 13.Nf7+ Rxf7 14.Bxf7 Nxb3 15.
Bxe8 Nxc1 16.Kd2 Nxa2 17.Nxa2 Be6 18.Bxg6 hxg6 19.Nb4 Nd5 20.Nxd5 Bxd5 21.
f3 e5 22.dxe5 dxe5 23.Bg5 Rc8 24.Rb1 e4 25.f4 Bb3 26.Ke1 Rc2 27.Kf1 Bc4+ 
28.Kg1 Kg8 29.Rd1 Bd3 30.b4 Rb2 31.Rc1 Rb1 32.Rxb1 Bxb1 33.Be7 Bf8 34.Bxf8
Kxf8 35.Kf2 Bd3 36.Ke1 b6 37.Kd2 Ke7 38.Kc3 Kd6 39.Kd4 a5 40.bxa5 bxa5 41.
Kc3 Kc5 42.Kb3 Bf1 43.g3 a4+ 44.Kxa4 Kc4 45.h4 Bh3 46.Ka5 Kd3 47.Kb5 Kxe3 
48.Kc4 Kf2 49.Kd4 e3 50.Ke5 e2 51.Kf6 e1=Q 52.Kxg6 Qe8+ 53.Kg7 Kxg3 54.Kf6
Kxh4 55.Kg7 Kh5 56.Kf6 Bg4 57.Kg7 Qe7+ 0-1

[Event "Elite Hotels Open 2015"]
[Site "Elite Stadshotellet, Vaxjo"]
[Date "2015.02.14"]
[Round "5.76"]
[White "Andersson, Jan 1948"]
[Black "Szumniak, Jedrzej"]
[Result "0-1"]
[WhiteElo "1769"]
[BlackElo "1675"]
[EventDate "2015.02.13"]

1.e4 c5 2.Nf3 d6 3.g3 g6 4.Bg2 Bg7 5.O-O Nc6 6.c3 Qb6 7.Na3 a6 8.d3 e5 9.
Nc4 Qc7 10.a4 Nge7 11.Bg5 f6 12.Be3 f5 13.Bg5 Be6 14.Bxe7 Nxe7 15.Ng5 Bd7 
16.Qb3 Bf8 17.Nb6 Rb8 18.Qf7+ Kd8 19.Nxd7 Kxd7 20.Qe6+ Ke8 21.Nf7 Rg8 22.
Nxd6+ Kd8 23.Nf7+ Ke8 24.d4 exd4 25.cxd4 cxd4 26.e5 Qd7 27.Nd6+ Kd8 28.
Qxd7+ Kxd7 29.Nxb7 Nc6 30.Bxc6+ Kxc6 31.Na5+ Kd5 32.b3 Bb4 33.Nc4 Bc3 34.
Rab1 Rb4 35.f4 Rgb8 36.a5 Ke6 37.Rfd1 Rxb3 38.Rxb3 Rxb3 39.Nd2 Rb5 40.Nf3 
Kd5 41.e6 Kxe6 42.Nxd4+ Bxd4+ 43.Rxd4 Rxa5 44.Rd2 Ra1+ 45.Kf2 a5 46.Ke2 a4
47.Kd3 Kd5 48.Kc3+ Kc5 49.Kb2 Re1 50.Ka3 Kb5 51.Rb2+ Ka5 52.Rd2 Re3+ 53.
Ka2 a3 54.Rd7 Re2+ 55.Kxa3 Rxh2 56.Kb3 Kb5 57.Kc3 Rh3 58.Rd3 Kc5 59.Kd2 h5
60.Ke2 Kc4 61.Re3 h4 62.Kf2 Rxg3 63.Re6 Kd5 64.Re8 g5 65.Re5+ Kd4 66.Rxf5 
g4 67.Rf8 Rf3+ 68.Kg2 h3+ 69.Kh2 Rf2+ 70.Kh1 g3 71.Rg8 Rf1# 0-1

[Event "Elite Hotels Open 2015"]
[Site "Elite Stadshotellet, Vaxjo"]
[Date "2015.02.14"]
[Round "5.79"]
[White "Segerfelt, Louise"]
[Black "Arnell, Staffan"]
[Result "1-0"]
[WhiteElo "1753"]
[BlackElo "1551"]
[EventDate "2015.02.13"]

1.e4 c5 2.Nc3 a6 3.f4 e6 4.Nf3 Nf6 5.d3 Nc6 6.g3 d6 7.Bg2 Be7 8.O-O O-O 9.
a4 Qc7 10.Ng5 Nd4 11.Ne2 e5 12.f5 Rb8 13.c3 Nc6 14.h3 b5 15.Nf3 Rd8 16.g4 
h6 17.Ng3 d5 18.Qe2 d4 19.g5 hxg5 20.Nxg5 Qd6 21.axb5 axb5 22.Nh5 dxc3 23.
Nxf6+ Bxf6 24.bxc3 Bxg5 25.Bxg5 f6 26.Qa2+ Kh8 27.Be3 Qxd3 28.Bxc5 Qd7 29.
Qe2 Qd3 30.Qh5+ Kg8 31.Rac1 Qc4 32.Bf2 Bb7 33.Rfd1 Rxd1+ 34.Rxd1 Qxc3 35.
Rd7 Qc1+ 36.Kh2 Qc4 37.Qg6 1-0

[Event "Elite Hotels Open 2015"]
[Site "Elite Stadshotellet, Vaxjo"]
[Date "2015.02.14"]
[Round "5.82"]
[White "Orci, Istvan"]
[Black "Svensson, John 1997"]
[Result "0-1"]
[WhiteElo "1603"]
[BlackElo "1749"]
[EventDate "2015.02.13"]

1.d4 Nf6 2.Nf3 e6 3.e3 c5 4.Bd3 d5 5.b3 Nc6 6.Bb2 a6 7.O-O cxd4 8.exd4 Qc7
9.a3 Bd6 10.h3 O-O 11.Qe2 Bd7 12.Ne5 Na7 13.Nd2 Bb5 14.f4 Bxd3 15.Qxd3 
Rfc8 16.c4 dxc4 17.bxc4 Be7 18.Rac1 Rd8 19.Ne4 Nc6 20.Nxf6+ Bxf6 21.Nxc6 
Qxc6 22.Rfd1 Rac8 23.Ba1 Qd6 24.Qf3 Qc6 25.Qxc6 Rxc6 26.c5 Kf8 27.Kf2 b6 
28.cxb6 Rxb6 29.Ke3 Rb3+ 30.Rd3 Rdb8 31.Rxb3 Rxb3+ 32.Rc3 Rb1 33.Rc8+ Ke7 
34.Bc3 Kd7 35.Rc4 Rb3 36.a4 Bh4 37.Ke4 f5+ 38.Kf3 Be1 0-1

[Event "Elite Hotels Open 2015"]
[Site "Elite Stadshotellet, Vaxjo"]
[Date "2015.02.14"]
[Round "5.83"]
[White "Johansson, Henrik"]
[Black "Olsson, Magnus"]
[Result "0-1"]
[WhiteElo "1638"]
[BlackElo "1697"]
[EventDate "2015.02.13"]

1.d4 d5 2.Nf3 Nf6 3.e3 e6 4.Bd3 c5 5.b3 Nc6 6.Bb2 cxd4 7.Nxd4 Bd6 8.a3 a6 
9.Nd2 O-O 10.O-O Re8 11.f4 e5 12.Nxc6 bxc6 13.fxe5 Bxe5 14.Bxe5 Rxe5 15.
Qe1 Qe7 16.Rf3 Bb7 17.Qg3 Re8 18.Raf1 Rxe3 19.Qh4 Rxf3 20.Nxf3 Ne4 21.Qh5 
g6 22.Qh4 Qxh4 23.Nxh4 a5 24.Nf3 h6 25.Re1 f5 26.b4 axb4 27.axb4 Ra8 28.b5
cxb5 29.Bxb5 Rc8 30.Nd4 Kf7 31.Kf1 Nc3 32.Bd7 Rd8 33.Be6+ Kf6 34.g4 Bc8 
35.gxf5 gxf5 36.Re3 Ne4 37.Rh3 Kg5 38.Kg2 f4 39.Nf3+ Kg6 40.Nd4 Ng5 41.
Bxc8 Rxc8 42.Rh4 f3+ 43.Kf2 Rc3 44.Rf4 Nh3+ 45.Kg3 Nxf4 0-1

[Event "Elite Hotels Open 2015"]
[Site "Elite Stadshotellet, Vaxjo"]
[Date "2015.02.14"]
[Round "5.85"]
[White "Jansson, Bert"]
[Black "Wallenas, Joakim"]
[Result "0-1"]
[WhiteElo "1539"]
[BlackElo "1992"]
[EventDate "2015.02.13"]

1.d4 Nf6 2.c4 e6 3.Nc3 c5 4.e3 cxd4 5.exd4 d5 6.c5 Nc6 7.Nf3 Be7 8.Be2 O-O
9.Bf4 a6 10.a3 Ne4 11.O-O b6 12.Na4 bxc5 13.Nxc5 Nxc5 14.dxc5 Bxc5 15.Qc2 
Qb6 16.Rac1 Nd4 17.Nxd4 Bxd4 18.b4 e5 19.Bd2 Bb7 20.Qc7 Rac8 21.Qxb6 Bxb6 
22.Rxc8 Rxc8 23.Rc1 Rxc1+ 24.Bxc1 f5 25.Kf1 Kf7 26.g3 Ke6 27.Ke1 e4 28.Kf1
d4 29.Bc4+ Kf6 30.h4 h6 31.Ke1 g5 32.hxg5+ hxg5 33.Kf1 Bc7 34.Ke1 f4 35.
gxf4 gxf4 36.Kf1 Ke5 37.Ke1 Bd8 38.Bb2 Bc8 39.b5 a5 40.a4 Bb6 41.Be2 Be6 
42.Bd1 Bc4 43.Ba3 d3 44.Bc1 e3 45.fxe3 fxe3 46.Bb2+ Ke4 47.Bh5 d2+ 48.Kd1 
Bb3+ 49.Ke2 d1=Q# 0-1

[Event "Elite Hotels Open 2015"]
[Site "Elite Stadshotellet, Vaxjo"]
[Date "2015.02.14"]
[Round "5.86"]
[White "Fransson, Pia"]
[Black "Hansen, Anders"]
[Result "1/2-1/2"]
[WhiteElo "1510"]
[BlackElo "1706"]
[EventDate "2015.02.13"]

1.d4 Nf6 2.c4 e6 3.g3 d5 4.Bg2 Nc6 5.Nf3 Be7 6.O-O O-O 7.Nbd2 Rb8 8.b3 a6 
9.Bb2 dxc4 10.Nxc4 b5 11.Nce5 Nxe5 12.Nxe5 Bb7 13.Nc6 Bxc6 14.Bxc6 Qd6 15.
Rc1 Nd5 16.e4 Nb4 17.Ba3 a5 18.e5 Qd8 19.Bxb4 Bxb4 20.Qd3 g6 21.Bxb5 c5 
22.Ba4 cxd4 23.Rc4 Bc3 24.Rd1 Qg5 25.f4 1/2-1/2

[Event "Elite Hotels Open 2015"]
[Site "Elite Stadshotellet, Vaxjo"]
[Date "2015.02.14"]
[Round "6.1"]
[White "Blomqvist, Erik"]
[Black "Berg, Emanuel"]
[Result "1-0"]
[WhiteElo "2521"]
[BlackElo "2543"]

1.e4 e6 2.d3 d5 3.Qe2 Nc6 4.Nf3 e5 5.c3 Nf6 6.Qc2 a5 7.a4 h6 8.Be2 Bc5 9.
O-O O-O 10.Na3 Re8 11.Nb5 Bf8 12.Be3 g6 13.Rad1 Bg7 14.Rfe1 b6 15.h3 Bb7 
16.Nh2 Qe7 17.Ng4 Nxg4 18.hxg4 Nd8 19.exd5 Bxd5 20.d4 c6 21.dxe5 Bxe5 22.
Nd4 Ne6 23.Nxe6 Qxe6 24.c4 Be4 25.Qb3 c5 26.Bxh6 Qf6 27.Bc1 Kg7 28.g5 Qf5 
29.Bd3 Bd4 30.Be3 1-0

[Event "Elite Hotels Open 2015"]
[Site "Elite Stadshotellet, Vaxjo"]
[Date "2015.02.14"]
[Round "6.2"]
[White "Meier, Georg"]
[Black "Johansson, Linus"]
[Result "1-0"]
[WhiteElo "2641"]
[BlackElo "2394"]

1.Nf3 f5 2.g3 Nf6 3.Bg2 g6 4.c4 Bg7 5.Nc3 O-O 6.O-O d6 7.d4 c6 8.Rb1 a5 9.
a3 Nbd7 10.Ng5 Nb6 11.c5 dxc5 12.dxc5 Qxd1 13.Rxd1 Nc4 14.b3 Ne5 15.Na4 
Nf7 16.Nb6 Ra7 17.Nxc8 Rxc8 18.Ne6 Bh8 19.Bb2 Raa8 20.Bc3 h6 21.h4 Ne8 22.
Be1 Nc7 23.Nxc7 Rxc7 24.e3 Kf8 25.b4 axb4 26.axb4 Rd8 27.Rxd8+ Nxd8 28.b5 
cxb5 29.Ba5 Rd7 30.Rxb5 Bf6 31.Bxd8 Rxd8 32.Bxb7 Rd1+ 33.Kg2 Rc1 34.Bc8 h5
35.Be6 Kg7 36.f4 Rc2+ 37.Kf1 Bb2 38.Bd7 Ba3 39.c6 Bd6 40.Rb7 Kf6 41.Ke1 
Rc4 42.Kd2 Rc5 43.Kd3 Rc1 44.Be8 Rc5 45.Rb3 Bc7 46.Rc3 Ra5 47.Kc4 Ra8 48.
Bd7 Ra5 49.Rd3 Kf7 50.Rd5 Ra1 51.Bc8 Rc1+ 52.Kb5 Rb1+ 53.Ka4 Ra1+ 54.Kb3 
Rc1 55.Bb7 Bd6 56.Kb2 Rc4 57.Rd4 Rc5 58.Ra4 Bc7 59.Ra8 Bd6 60.Rc8 Kg7 61.
Ba6 Kf7 62.Kb3 Kg7 63.Bc4 Kh7 64.Kc3 Kg7 65.Kd4 Kh7 66.Bd5 Kg7 67.Ra8 Rb5 
68.Rg8+ Kf6 69.Rf8+ Kg7 70.Ra8 Kf6 71.Rf8+ Kg7 72.Rc8 Kh7 73.Bg8+ Kg7 74.
Be6 Rc5 75.Bd5 Kf6 76.Rf8+ Kg7 77.Rg8+ Kh7 78.Bf7 Rxc6 79.Rxg6 Rc7 80.Rg5 
Bc5+ 81.Kd3 Ra7 82.Rxh5+ Kg7 83.Rxf5 Ra3+ 84.Ke4 Rxe3+ 85.Kd5 Bd6 86.g4 
Rg3 87.Be6 Rd3+ 88.Ke4 Ra3 89.Rf7+ Kh8 90.Kf5 Ra4 91.Kg6 Kg8 92.Rf6+ Kh8 
93.Rf8# 1-0

[Event "Elite Hotels Open 2015"]
[Site "Elite Stadshotellet, Vaxjo"]
[Date "2015.02.14"]
[Round "6.3"]
[White "Hillarp Persson, Tiger"]
[Black "Brynell, Stellan"]
[Result "1-0"]
[WhiteElo "2552"]
[BlackElo "2452"]

1.d4 e6 2.c4 Bb4+ 3.Nc3 c5 4.d5 Nf6 5.f3 O-O 6.e4 b5 7.e5 exd5 8.exf6 Qxf6
9.cxd5 Bxc3+ 10.bxc3 Qxc3+ 11.Bd2 Re8+ 12.Ne2 Qd4 13.Ba5 Qb2 14.Kf2 b4 15.
a3 Na6 16.h4 Bb7 17.h5 Re5 18.Qc1 Qxc1 19.Nxc1 Rxd5 20.Bxa6 Bxa6 21.axb4 
cxb4 22.Bxb4 Bc4 23.Rh4 Bb5 24.Nb3 h6 25.Nd4 Bd3 26.Ra5 Rxa5 27.Bxa5 Rb8 
28.Ke3 Bb1 29.Rh1 Ba2 30.Rc1 Re8+ 31.Kf4 g5+ 32.hxg6 fxg6 33.Rc7 Re7 34.
Rxa7 Rf7+ 35.Kg3 Bd5 36.Bc3 Kh7 37.Ra5 Bc4 38.Ra8 g5 39.Rc8 Bd3 40.Kf2 h5 
41.Rc5 Kh6 42.Bd2 Rg7 43.Kg3 1-0

[Event "Elite Hotels Open 2015"]
[Site "Elite Stadshotellet, Vaxjo"]
[Date "2015.02.14"]
[Round "6.4"]
[White "Kockum, Anton Frisk"]
[Black "Smith, Axel"]
[Result "1/2-1/2"]
[WhiteElo "2375"]
[BlackElo "2488"]

1.d4 Nf6 2.c4 g6 3.Nc3 d5 4.cxd5 Nxd5 5.Bd2 Bg7 6.e4 Nb6 7.Be3 O-O 8.Be2 
Nc6 9.Nf3 Bg4 10.d5 Bxf3 11.gxf3 Na5 12.Bd4 Qd6 13.Bxg7 Kxg7 14.Rc1 Qf6 
15.Na4 Nxa4 16.Qxa4 Qxb2 17.Rxc7 Rfc8 18.Qxa5 b6 19.Rxc8 bxa5 20.Rxa8 Qb1+
21.Bd1 Qb7 22.Rd8 Qb4+ 23.Kf1 Qb6 24.Ra8 Qb7 25.Rd8 Qb6 26.Ra8 1/2-1/2

[Event "Elite Hotels Open 2015"]
[Site "Elite Stadshotellet, Vaxjo"]
[Date "2015.02.14"]
[Round "6.5"]
[White "Semcesen, Daniel"]
[Black "Livner, Anders"]
[Result "0-1"]
[WhiteElo "2466"]
[BlackElo "2343"]

1.d4 d5 2.Nf3 Nf6 3.c4 c6 4.Qc2 g6 5.Nc3 Bg7 6.Bg5 O-O 7.e3 Qa5 8.Be2 dxc4
9.Bxc4 c5 10.O-O cxd4 11.exd4 Nc6 12.h3 Nxd4 13.Nxd4 Qxg5 14.Nf3 Qc5 15.
Bb3 b6 16.Rfe1 Bb7 17.Ne5 Nh5 18.Nd5 e6 19.Qxc5 bxc5 20.Nc3 Rad8 21.g3 Nf6
22.Nxf7 Rxf7 23.Bxe6 Kf8 24.Bxf7 Kxf7 25.Rac1 Rd2 26.Re2 Rxe2 27.Nxe2 Ne4 
28.f3 Ba6 29.fxe4 Bxe2 30.Kf2 Bb5 31.Kf3 Bd4 32.b3 Ke6 33.Kf4 a5 34.Rc2 a4
35.Rd2 a3 36.h4 h6 37.Rd1 Be2 38.Re1 Bb5 39.Rd1 Kf6 40.Rd2 Ba6 41.Rc2 Ke6 
42.Rd2 Be5+ 43.Kf3 c4 44.bxc4 Bxc4 45.Rc2 Bb5 46.Rc5 Bd3 47.Rc6+ Kf7 48.
Rc1 Bb2 49.Rc7+ Ke6 50.Ke3 Bb1 51.Rc6+ Kf7 52.Kd2 Bxa2 53.Kc2 Bf6 54.Ra6 
Be7 55.h5 g5 56.Rxh6 Be6 57.e5 Bc5 58.Rf6+ Ke7 59.Kc3 Be3 60.h6 Bc1 61.h7 
a2 62.Rxe6+ Kxe6 63.h8=Q a1=Q+ 64.Kd3 Qb1+ 65.Ke2 Qc2+ 66.Kf3 g4+ 67.Kxg4 
Qf5+ 68.Kh4 Bg5+ 69.Kh5 Bf6+ 70.Kh6 Qg5+ 71.Kh7 Qh5+ 72.Kg8 Qf7# 0-1

[Event "Elite Hotels Open 2015"]
[Site "Elite Stadshotellet, Vaxjo"]
[Date "2015.02.14"]
[Round "6.6"]
[White "Akesson, Ralf"]
[Black "Ziegler, Ari"]
[Result "1-0"]
[WhiteElo "2451"]
[BlackElo "2327"]

1.Nf3 Nf6 2.c4 g6 3.Nc3 Bg7 4.e4 d6 5.d4 O-O 6.Be2 e5 7.Be3 exd4 8.Nxd4 
Re8 9.f3 c6 10.Bf2 Bh6 11.O-O Nbd7 12.Re1 a5 13.Bf1 Qc7 14.Qc2 Nc5 15.Rad1
Nh5 16.Nb3 Nxb3 17.axb3 Be6 18.Na4 Qe7 19.Nb6 Rad8 20.Ra1 Bg7 21.Rxa5 Qf6 
22.Na4 Nf4 23.Nc3 g5 24.Rd1 Qg6 25.Ne2 Nxe2+ 26.Bxe2 h6 27.Ra7 Bc8 28.Bb6 
Rd7 29.b4 Be5 30.Bd4 Bxd4+ 31.Rxd4 g4 32.fxg4 Rde7 33.h3 c5 34.bxc5 dxc5 
35.Rd1 Rxe4 36.Bd3 Re1+ 37.Rxe1 Rxe1+ 38.Kf2 Qe6 39.Qd2 Rh1 40.Bf5 Qe7 41.
Ra8 Qh4+ 42.Ke2 Qe7+ 43.Kd3 Rb1 44.Rxc8+ Kg7 45.Kc2 Re1 46.Bd3 Ra1 47.Qf2 
Qd7 48.Qxc5 Qa4+ 49.Kd2 Qd1+ 50.Ke3 Qg1+ 51.Kf3 Qd1+ 52.Be2 Qb3+ 53.Kf2 
Ra6 54.Qf8+ Kg6 55.Qg8+ Kf6 56.Qh8+ Ke6 57.Qxh6+ Kd7 58.Qh8 Qb6+ 59.c5 
Qf6+ 60.Kg3 1-0

[Event "Elite Hotels Open 2015"]
[Site "Elite Stadshotellet, Vaxjo"]
[Date "2015.02.14"]
[Round "6.7"]
[White "Ernst, Thomas"]
[Black "Westerberg, Jonathan"]
[Result "0-1"]
[WhiteElo "2369"]
[BlackElo "2430"]

1.e4 c5 2.Nf3 Nc6 3.d4 cxd4 4.Nxd4 Nf6 5.Nc3 e6 6.Ndb5 Bb4 7.a3 Bxc3+ 8.
Nxc3 d5 9.exd5 Nxd5 10.Bd2 O-O 11.Qh5 e5 12.O-O-O Be6 13.Bg5 Qa5 14.Bd3 f5
15.Nxd5 Bxd5 16.Rhe1 e4 17.Bf1 Nd4 18.Be3 Nxc2 19.Kxc2 Ba2 20.Bd4 Qa4+ 21.
Kc1 Rac8+ 22.Bc3 Rxc3+ 23.bxc3 Qxa3+ 24.Kd2 Qb2+ 25.Ke3 Qxc3+ 26.Kf4 Qc7+ 
27.Ke3 Qc5+ 28.Kf4 Qxf2+ 29.Ke5 Bf7 30.Qxf7+ Kxf7 0-1

[Event "Elite Hotels Open 2015"]
[Site "Elite Stadshotellet, Vaxjo"]
[Date "2015.02.14"]
[Round "6.8"]
[White "Sjodahl, Pontus"]
[Black "Dragicevic, Drazen"]
[Result "1/2-1/2"]
[WhiteElo "2428"]
[BlackElo "2248"]

1.d4 Nf6 2.c4 b6 3.Nc3 Bb7 4.Qc2 e6 5.e4 Bb4 6.Bd3 Bxc3+ 7.bxc3 d6 8.f4 
Nbd7 9.Nf3 Qe7 10.e5 Ng4 11.O-O f5 12.exf6 Ngxf6 13.Bd2 O-O-O 14.Rae1 Kb8 
15.Bf5 Nf8 16.d5 g6 17.Bh3 h5 18.Bxe6 Nxe6 19.Rxe6 Qg7 20.Nd4 Rde8 21.Rfe1
a5 22.h3 Ka8 23.Qa4 Rxe6 24.Nxe6 Qf7 25.Be3 Kb8 26.Bd4 Rc8 27.Ng5 Qd7 28.
Qc2 Nh7 29.Qxg6 Nxg5 30.fxg5 Qa4 31.Qxh5 Qxc4 32.Qe2 Qxd5 33.h4 Ka7 34.Qf2
Rf8 35.Bf6 Rf7 36.Re3 Qd1+ 37.Kh2 Qh5 38.Kg3 Rh7 39.Qf4 Qg6 40.Kh2 Qh5 41.
Kg3 Qg6 42.Kh2 Qh5 43.Rh3 Bc8 44.Re3 Qxh4+ 45.Qxh4 Rxh4+ 46.Kg3 Rg4+ 47.
Kf3 Ra4 48.g6 Bb7+ 49.Kg3 Rxa2 50.g7 Rxg2+ 51.Kh3 Rg6 52.Re7 Bd5 53.Rxc7+ 
Kb8 54.Bd8 a4 55.c4 Be6+ 56.Kh4 a3 57.Re7 Bxc4 58.Bxb6 a2 59.Ba7+ Kc8 60.
Bd4 Rg1 61.Ra7 Rd1 62.Bf6 Rg1 1/2-1/2

[Event "Elite Hotels Open 2015"]
[Site "Elite Stadshotellet, Vaxjo"]
[Date "2015.02.14"]
[Round "6.9"]
[White "Lind, Jan-Olov"]
[Black "Lindberg, Bengt"]
[Result "1/2-1/2"]
[WhiteElo "2238"]
[BlackElo "2385"]

1.e4 c5 2.Nf3 e6 3.d3 Nc6 4.g3 g6 5.Bg2 Bg7 6.O-O Nge7 7.c3 O-O 8.d4 d5 9.
exd5 Nxd5 10.dxc5 Qa5 11.Qe2 Qxc5 12.Nbd2 b5 13.Nb3 Qb6 14.Qe4 Bb7 15.Qh4 
Nce7 16.Ng5 h6 17.Ne4 Rac8 18.g4 f5 19.gxf5 exf5 20.Bxh6 fxe4 21.Bxg7 Kxg7
22.Qxe4 Rce8 23.Qd4+ Rf6 24.Rfe1 Nf5 25.Qxb6 Rxe1+ 26.Rxe1 axb6 27.Rd1 Rd6
28.Nd4 Nh4 29.Nxb5 Re6 30.Bxd5 Bxd5 31.Nc7 Re2 32.Nxd5 Rxb2 33.a4 g5 34.h3
Kg6 35.Kf1 Kf5 36.Rd4 Nf3 37.Rb4 Ra2 38.Ne3+ Ke5 39.Kg2 Ne1+ 40.Kg3 Nd3 
41.Rb5+ Ke4 42.Ng4 Nc5 43.Rxb6 Kd3 44.f3 Rxa4 45.Rg6 Ra5 46.Nf2+ Kxc3 47.
Rxg5 Kd4 48.h4 Ra1 49.h5 Rg1+ 50.Kh4 Rf1 51.Rg2 Ne6 52.Rg4+ Ke5 53.Re4+ 
Kf5 54.Ng4 Rg1 55.Ne3+ Kf6 56.Ng4+ Kf5 57.Ne3+ Kf6 58.Rg4 Rh1+ 59.Kg3 Rxh5
60.Rc4 Rb5 61.Rc6 Rb3 62.Ng4+ Ke7 63.Rc4 Kd6 64.Nh2 Ke5 1/2-1/2

[Event "Elite Hotels Open 2015"]
[Site "Elite Stadshotellet, Vaxjo"]
[Date "2015.02.14"]
[Round "6.10"]
[White "Berglind, Axel"]
[Black "Hedman, Erik"]
[Result "0-1"]
[WhiteElo "2047"]
[BlackElo "2376"]

1.c4 c5 2.Nc3 Nc6 3.g3 g6 4.Bg2 Bg7 5.e3 d6 6.Nge2 h5 7.h4 Nh6 8.O-O O-O 
9.d3 Bd7 10.a3 Qc8 11.Rb1 Bh3 12.b4 Bxg2 13.Kxg2 Nf5 14.Ne4 Ne5 15.Nf4 b6 
16.Bb2 Qc6 17.b5 Qb7 18.Bxe5 Bxe5 19.Qf3 Qd7 20.Rh1 Rad8 21.Nd5 Kg7 22.g4 
hxg4 23.Qxg4 e6 24.Nf4 Bxf4 25.Qxf4 e5 26.Qf3 Qe7 27.Qg4 Qe6 28.Qh3 Rh8 
29.Ng5 Qe7 30.Qg4 Rh5 31.Nf3 Rdh8 32.Rbg1 Nxh4+ 33.Rxh4 Rxh4 34.Nxh4 Rxh4 
35.Qf3 e4 36.dxe4 Rxe4 37.Rc1 Qh4 38.Rd1 Qg4+ 39.Qxg4 Rxg4+ 40.Kf3 Rxc4 
41.Rxd6 Rc3 42.Rd7 Rxa3 43.Kf4 Ra5 44.e4 Rxb5 45.Rxa7 c4 0-1

[Event "Elite Hotels Open 2015"]
[Site "Elite Stadshotellet, Vaxjo"]
[Date "2015.02.14"]
[Round "6.11"]
[White "Solodovnichenko, Yuri"]
[Black "Agrest, Inna"]
[Result "1-0"]
[WhiteElo "2577"]
[BlackElo "2174"]

1.g3 g6 2.e4 Bg7 3.d4 d6 4.Bg2 Nf6 5.Ne2 O-O 6.O-O Nbd7 7.h3 Rb8 8.Be3 c5 
9.c4 a6 10.Nbc3 b6 11.Rc1 Bb7 12.d5 b5 13.b3 Ba8 14.g4 bxc4 15.bxc4 Ne5 
16.Nb1 Rb4 17.a3 Rxc4 18.Nbc3 e6 19.g5 Ne8 20.f4 exd5 21.exd5 Nd7 22.Qb3 
Rd4 23.Bxd4 cxd4 24.Ne4 Qb6 25.Nd2 d3+ 26.Qxb6 Nxb6 27.Nc3 Nc7 28.Be4 
Ncxd5 29.Nxd5 Nxd5 30.Kh2 Bb2 31.Rb1 Bxa3 32.Bxd3 a5 33.Nc4 Bb4 34.Kg3 Re8
35.f5 gxf5 36.Rxf5 Ne3 37.Rf6 Nd5 38.Rh6 Nc3 39.Rf1 Ne4+ 40.Bxe4 Rxe4 41.
Nxd6 Be1+ 42.Kf3 Re7+ 43.Kg4 Bd5 44.Rf4 Re2 45.Nf5 Rg2+ 46.Kh5 Bb3 47.Rd6 
f6 48.Nh6+ Kf8 49.Rdxf6+ Ke8 50.Re4+ Kd7 51.Rxe1 1-0

[Event "Elite Hotels Open 2015"]
[Site "Elite Stadshotellet, Vaxjo"]
[Date "2015.02.14"]
[Round "6.12"]
[White "Schneider, Stefan"]
[Black "Ask, Josef"]
[Result "1/2-1/2"]
[WhiteElo "2387"]
[BlackElo "2174"]

1.d4 e6 2.c4 f5 3.Nc3 Nf6 4.e3 d5 5.Bd3 c6 6.Qc2 a6 7.Nge2 Nbd7 8.Nf4 Kf7 
9.cxd5 cxd5 10.f3 Nb8 11.O-O Nc6 12.Qf2 g6 13.Bd2 Bg7 14.Rac1 Re8 15.Rfd1 
Qd6 16.a3 Bd7 17.Bf1 Rac8 18.Nd3 Rc7 19.e4 Qe7 20.e5 Ng8 21.Na4 Qd8 22.
Nac5 Bc8 23.Nb4 Nxb4 24.Bxb4 Rc6 25.Nd3 Bd7 26.Qe1 Bh6 27.f4 b6 28.Bd6 a5 
29.g3 Bf8 30.Bxf8 Rxf8 31.Nf2 Ne7 32.Qe3 Qb8 33.Rxc6 Bxc6 34.Rc1 Qb7 35.
Nd1 Rc8 36.Kf2 h5 1/2-1/2